LEADER 00667nam0-22002531i-450- 001 990006141860403321 005 19980601 035 $a000614186 035 $aFED01000614186 035 $a(Aleph)000614186FED01 035 $a000614186 100 $a19980601f????----km-y0itay50------ba 105 $a--------00-yy 200 1 $aASSEMBLEE de l'Atlantique Nord$erapport du comite des Neuf. 210 $aS.l.$cs.e.$ds.d. 676 $a341.72 801 0$aIT$bUNINA$gRICA$2UNIMARC 901 $aBK 912 $a990006141860403321 952 $aX F1 46$b101436$fFGBC 959 $aFGBC 996 $aASSEMBLEE de l'Atlantique Nord$9643080 997 $aUNINA DB $aGIU01 LEADER 01470nam--2200409---450- 001 990000672130203316 005 20091103091247.0 010 $a84-86534-54-2 035 $a0067213 035 $aUSA010067213 035 $a(ALEPH)000067213USA01 035 $a0067213 100 $a20011012d1994----km-y0itay0103----ba 101 $aspa 102 $aES 105 $a||||||||001yy 200 1 $aConflictos territoriales y uso de la fuerza$eun estudio de la prŕctica internacional a la luz del conflicto Iran-Iraq$fJavier A. González Vega$gprňlogo Paz Andrčs Sŕenz de Santa Maria 210 $aMadrid$cBeramar$cEurolex$d1994 215 $a440 p.$d21 cm 225 2 $aEstudios internacionales$v5 410 $12001$aEstudios internacionales$v5 606 0 $aGuerra$xDiritto internazionale 606 0 $aConflitto Iran-Iraq$z1980-1989$xIntervento delle Nazioni Unite 676 $a341.66 700 1$aGONZÁLEZ VEGA,$bJavier A.$0548548 701 1$aSÁENZ DE SANTA MARIA,$bPaz Andrčs$0548549 801 0$aIT$bsalbc$gISBD 912 $a990000672130203316 951 $aXXIII.1.M. 319 (IG sp VIII 17 906)$b13920 G$cXXIII.1.M. 319 (IG sp VIII)$d00251321 959 $aBK 969 $aGIU 979 $aPATTY$b90$c20011012$lUSA01$h1940 979 $c20020403$lUSA01$h1716 979 $aPATRY$b90$c20040406$lUSA01$h1646 979 $aRSIAV4$b90$c20091103$lUSA01$h0912 996 $aConflictos territoriales y uso de la fuerza$9960905 997 $aUNISA LEADER 02549nam 2200457Ia 450 001 996397687103316 005 20200818213148.0 035 $a(CKB)4940000000065789 035 $a(EEBO)2240858741 035 $a(UnM)99899881e 035 $a(UnM)99899881 035 $a(EXLCZ)994940000000065789 100 $a19990113d1696 uy | 101 0 $aeng 135 $aurbn||||a|bb| 200 14$aThe accomplish'd ladies delight, in preserving, physick, beautifying, and cookery$b[electronic resource] $eContaining I. The art of preserving and candying fruits and flowers; and the making of all sorts of conserves, syrups, and jellies. II. The physical cabinet: or, excellent receipts in physick and chirurgery; together with some beautifying waters, to adorn and add loveliness to the face and body: and also some new and excellent receipts relating to the female sex: and for the general good of families, is added the true receipt for making that famous cordial drink Daffy's elixir salutis. III. The compleat cook's guide: or, directions for dressing all sorts of flesh, fowl and fish, both in the English and French mode; with all sorts of sauces and sallets: and the making pyes, pasties, tarts, and custards, with the forms and shapes of many of them 205 $aThe seventh edition enlarged. 210 $aLondon $cprinted for B[enjamin]. Harris, in Maiden-head-Court in Great East-Cheap; and are sold by Henry Nelme, at the Leg and Star in Cornhil$d[1696] 215 $a[6], 178, [8] p., [2] leaves of plate $cill., port 300 $aWith engraved frontispiece(pi1) and an additional title page (pi2), engraved: The accomplisht ladys delight. In preserving physick, beautifying and cookery. 300 $aIncludes indices. 300 $aReproduction of original in the Wellcome Institute for the History of Medicine, London, England. 330 $aeebo-0186 606 $aBeauty, Personal$vEarly works to 1800 606 $aCosmetics$vEarly works to 1800 606 $aRecipes$vEarly works to 1800 606 $aHome economics$vEarly works to 1800 606 $aCookery$vEarly works to 1800 615 0$aBeauty, Personal 615 0$aCosmetics 615 0$aRecipes 615 0$aHome economics 615 0$aCookery 700 $aWoolley$b Hannah$ffl. 1670.$01002441 801 0$bCu-RivES 801 1$bCu-RivES 801 2$bWaOLN 906 $aBOOK 912 $a996397687103316 996 $aThe accomplish'd ladies delight in preserving, physick, beautifying, and cookery$92313250 997 $aUNISA